[Event "Challenge"]
[Site "http://www.queenalice.com/game.php?id=197707"]
[Date "2007.4.16"]
[Round "-"]
[White "umom_ne_poniat"]
[Black "toldowisk"]
[Result "1-0"]
[WhiteElo "1812"]
[BlackElo "1937"]

1. e4 e5 2. Nf3 Nc6 3. Nc3 Nf6 4. d4 Bb4 5. Bg5 d6 6. dxe5 h6 7. Bxf6 gxf6 8.
exd6 Bxc3+ 9. bxc3 cxd6 10. Bb5 Qa5 11. Bxc6+ bxc6 12. O-O Qxc3 13. Qxd6 Be6 14.
Rfd1 c5 15. Qc6+ Ke7 16. Qb7+ Bd7 17. Rxd7+ Kf8 18. Rxf7+ Kg8 19. Rg7+ 1-0

[Event "Challenge"]
[Site "http://www.queenalice.com/game.php?id=202244"]
[Date "2007.4.25"]
[Round "-"]
[White "umom_ne_poniat"]
[Black "jnable"]
[Result "1-0"]
[WhiteElo "1960"]
[BlackElo "2032"]

1. e4 e6 2. d4 d5 3. e5 c5 4. Be3 b6 5. Nf3 Nc6 6. Bb5 Bd7 7. Bxc6 Bxc6 8. c3
Ne7 9. dxc5 Nf5 10. cxb6 Nxe3 11. fxe3 Bc5 12. Nd4 Qxb6 13. O-O Bxd4 14. exd4
Qxb2 15. Qb3 Qxb3 16. axb3 O-O 17. Nd2 Rfb8 18. Ra5 Rb5 19. Rfa1 f6 20. exf6
gxf6 21. Rxa7 Rab8 22. Re7 Re8 23. Raa7 Rxe7 24. Rxe7 Bb7 25. Rxe6 Kf7 26. Re1
Rb6 27. Kf2 Ra6 28. Kf3 Ra2 29. Ke3 Ba6 30. g4 Rc2 31. c4 dxc4 32. bxc4 Bxc4 33.
Nf3 Bd5 34. Nd2 Kg6 35. h4 h5 36. Rg1 Rc3+ 37. Ke2 Rh3 38. gxh5+ Kxh5 39. Rf1
Rxh4 40. Rf5+ Kg4 41. Rxd5 f5 42. Rd8 Rh2+ 43. Kd3 f4 44. Rg8+ Kf5 45. Rf8+ Kg4
46. d5 Rh6 47. Ke4 Rd6 48. Rxf4+ 1-0

[Event "Challenge"]
[Site "http://www.queenalice.com/game.php?id=202245"]
[Date "2007.4.25"]
[Round "-"]
[White "jnable"]
[Black "umom_ne_poniat"]
[Result "0-1"]
[WhiteElo "1974"]
[BlackElo "1986"]

1. e4 e5 2. Nf3 Nc6 3. Bb5 d6 4. d4 Bd7 5. Bxc6 Bxc6 6. d5 Bd7 7. c4 Nf6 8. Nc3
c6 9. dxc6 Bxc6 10. Qc2 Be7 11. O-O O-O 12. Nd5 Rc8 13. Nxe7+ Qxe7 14. Bg5 Qe6
15. Bxf6 Qxf6 16. Rfe1 b5 17. cxb5 Bxb5 18. Qd2 a6 19. Rad1 Rc6 20. Rc1 Rfc8 21.
Rxc6 Rxc6 22. Rc1 Qe6 23. Rxc6 Bxc6 24. Qa5 Qc8 25. Qc3 Qb7 26. Nd2 h6 27. f3
Bb5 28. h3 f6 29. Nc4 Qc7 30. Ne3 Qc5 31. Qxc5 dxc5 32. Kf2 Kf7 33. Kg3 g6 34.
h4 h5 35. Kf2 Ke6 36. Ke1 f5 37. Kd2 f4 38. Nd5 Bc4 39. Kc3 Bxd5 40. exd5+ Kxd5
41. b4 cxb4+ 42. Kxb4 e4 43. fxe4+ Kxe4 44. a4 Ke3 45. Ka5 Kf2 46. Kxa6 Kxg2 47.
a5 f3 48. Kb7 f2 49. a6 f1=Q 50. a7 Qf3+ 51. Kb8 Kh3 0-1

[Event "Challenge"]
[Site "http://www.queenalice.com/game.php?id=206987"]
[Date "2007.5.6"]
[Round "-"]
[White "technicaldraw"]
[Black "umom_ne_poniat"]
[Result "0-1"]
[WhiteElo "2101"]
[BlackElo "1987"]

1. e4 e5 2. Nf3 Nc6 3. Bb5 d6 4. d4 exd4 5. Nxd4 Bd7 6. Nc3 Qf6 7. Nxc6 Bxc6 8.
Bxc6+ bxc6 9. O-O Be7 10. Be3 Nh6 11. Bxh6 Qxh6 12. Re1 O-O 13. a3 Bf6 14. Qd3
c5 15. Nd5 Rac8 16. Nxf6+ Qxf6 17. c3 Rb8 18. b4 Qe5 19. f4 Qxf4 20. Qf3 Qxf3
21. gxf3 Rb5 22. a4 Rb6 23. bxc5 dxc5 24. Red1 Rd6 25. e5 Re6 26. f4 f6 27. Rd7
fxe5 28. fxe5 Rxe5 29. Rxc7 Rf7 30. Rc8+ Rf8 31. Rc7 a5 32. Ra2 Rf3 33. Rc8+ Kf7
34. Rf2 Rg5+ 35. Kf1 Rxf2+ 36. Kxf2 Rh5 37. Kg3 Ke6 38. c4 h6 39. Ra8 Ke5 40.
Rxa5 Kd4 41. Rb5 Kxc4 42. Rb7 Rg5+ 43. Kh4 Kc3 44. a5 c4 45. a6 g6 46. Rg7 Kc2
47. Rg8 Ra5 48. Rxg6 h5 49. Rg2+ Kb3 50. a7 Rxa7 0-1

[Event "Challenge"]
[Site "http://www.queenalice.com/game.php?id=207801"]
[Date "2007.5.8"]
[Round "-"]
[White "umom_ne_poniat"]
[Black "Catao"]
[Result "0-1"]
[WhiteElo "2116"]
[BlackElo "1938"]

1. e4 c5 2. Nc3 Nc6 3. Nf3 d6 4. Bb5 Bd7 5. d4 cxd4 6. Nxd4 Nxd4 7. Qxd4 e6 8.
Be3 Bxb5 9. Nxb5 a6 10. Nc3 Nf6 11. O-O-O Be7 12. e5 dxe5 13. Qxe5 Qb8 14. Qxb8+
Rxb8 15. Bg5 h6 16. Bh4 g5 17. Bg3 Rc8 18. Be5 O-O 19. h4 Ng4 20. Bg3 Rcd8 21.
Ne4 Rxd1+ 22. Kxd1 f5 23. f3 Ne3+ 24. Ke2 Nxg2 25. Kf2 fxe4 26. Kxg2 exf3+ 27.
Kf2 Bc5+ 28. Kf1 Rd8 29. Ke1 g4 30. Rf1 e5 31. Bf2 Bxf2+ 32. Rxf2 e4 33. Rf1 e3
0-1

[Event "Challenge"]
[Site "http://www.queenalice.com/game.php?id=207976"]
[Date "2007.5.8"]
[Round "-"]
[White "cegonha85"]
[Black "umom_ne_poniat"]
[Result "1-0"]
[WhiteElo "1565"]
[BlackElo "2000"]

1. e4 e5 2. f4 d6 3. Ne2 Bg4 4. fxe5 dxe5 5. Nbc3 Bb4 6. Nd5 Nc6 7. Nxb4 Nxb4 8.
d3 Nf6 9. Bd2 Qd4 10. Nxd4 Bxd1 11. Bxb4 exd4 12. Kxd1 O-O-O 13. Kc1 Ng4 14. Be2
Ne3 15. Be7 Rd7 16. Bc5 Nxg2 17. Bg4 1-0

[Event "Challenge"]
[Site "http://www.queenalice.com/game.php?id=216854"]
[Date "2007.5.26"]
[Round "-"]
[White "orinto"]
[Black "umom_ne_poniat"]
[Result "0-1"]
[WhiteElo "2045"]
[BlackElo "1923"]

1. d4 e6 2. e4 d5 3. Nc3 Bb4 4. e5 c5 5. a3 Bxc3+ 6. bxc3 c4 7. Qg4 g6 8. h4 h6
9. h5 g5 10. f4 f5 11. exf6 Nxf6 12. Qd1 Ne4 13. Bd2 Nc6 0-1

[Event "Revenge Time!"]
[Site "http://www.queenalice.com/game.php?id=217344"]
[Date "2007.5.28"]
[Round "-"]
[White "technicaldraw"]
[Black "umom_ne_poniat"]
[Result "1-0"]
[WhiteElo "2086"]
[BlackElo "2000"]

1. e4 e5 2. Nf3 d6 3. d4 Nf6 4. dxe5 Nxe4 5. Qd5 Nc5 6. Bg5 Be7 7. exd6 Qxd6 8.
Qxd6 Bxd6 9. Nc3 O-O 10. O-O-O Bg4 11. Be2 Re8 12. Rhe1 Nbd7 13. h3 Be6 14. Nb5
Ne4 15. Nxd6 Nxd6 16. Kb1 h6 17. Bf4 Ne4 18. Be3 b6 19. Nd4 Ndf6 20. Nxe6 Rxe6
21. Bc4 Re7 22. Bf4 Kf8 23. f3 Nc5 24. Rxe7 Kxe7 25. Bxc7 Ke8 26. Bb5+ Ncd7 27.
Re1+ Kf8 28. Bd6+ Kg8 29. b4 Nf8 30. c4 Ne6 31. Be5 Ne8 32. Rd1 N8c7 33. Bc6 Rc8
34. b5 Nc5 35. Kb2 N7e6 36. Kc3 Kh8 37. Kb4 a5+ 38. Kc3 Na4+ 39. Kc2 Nac5 40.
Rd6 Na4 41. f4 Nec5 42. Rxh6+ Kg8 43. Rd6 Kf8 44. Rd5 Kg8 45. Bd4 Ne6 46. Be5 f6
47. Bd7 Rxc4+ 48. Kd3 Nxf4+ 49. Kxc4 Nxd5 50. Bd4 Nc7 51. Kb3 Nc5+ 52. Bxc5 bxc5
53. b6 Na6 54. b7 Kf7 55. Kc4 Ke7 56. Bc8 Kd6 57. Kb5 Nb8 58. g4 Nc6 59. a4 Kd5
60. Be6+ Kd6 61. Bc4 Kc7 62. Bd5 Nb4 63. Kxc5 Nxd5 64. Kxd5 Kxb7 65. Ke6 1-0

[Event "Challenge"]
[Site "http://www.queenalice.com/game.php?id=219634"]
[Date "2007.6.2"]
[Round "-"]
[White "marcosweck"]
[Black "umom_ne_poniat"]
[Result "0-1"]
[WhiteElo "1757"]
[BlackElo "1961"]

1. d4 d5 2. g3 Nc6 3. e3 Nf6 4. Bg2 Bf5 5. a3 e6 6. Nf3 Be4 7. Nc3 Bd6 8. Nxe4
Nxe4 9. O-O Qf6 10. Nd2 Ng5 11. f4 Ne4 12. Bxe4 dxe4 13. Nxe4 Qf5 14. Nxd6+ cxd6
15. c3 h6 16. Qf3 O-O-O 17. a4 d5 18. b4 Qc2 19. Ra3 f5 20. Qd1 Qb1 21. Bd2 Qd3
22. Qc1 Qc4 23. a5 Kb8 24. b5 Qxb5 25. Qa1 Rc8 26. Rb1 Qd3 27. Qb2 Rc7 28. Rc1
Qc4 29. Rb1 Qd3 30. Bc1 g5 31. Qd2 Qxb1 32. Ra2 g4 33. Kg2 Qe4+ 34. Kg1 h5 35.
Ba3 Rd7 36. Bc5 a6 37. Qe2 h4 38. Rb2 Kc8 0-1

[Event "Challenge"]
[Site "http://www.queenalice.com/game.php?id=220064"]
[Date "2007.6.2"]
[Round "-"]
[White "pickles"]
[Black "umom_ne_poniat"]
[Result "1-0"]
[WhiteElo "1949"]
[BlackElo "1980"]

1. e4 e5 2. Nf3 Nc6 3. d4 d6 4. Bb5 Bd7 5. Nc3 a6 6. Bxc6 Bxc6 7. dxe5 dxe5 8.
Qxd8+ Rxd8 9. Nxe5 Bb4 10. Nxc6 Bxc3+ 11. bxc3 bxc6 12. Bf4 Rc8 13. Rb1 Nf6 14.
f3 O-O 15. Kf2 Rfd8 16. Rb7 Nh5 17. Be3 Rd6 18. g4 Nf6 19. e5 Nxg4+ 20. fxg4 Rd5
21. Bf4 h6 22. Ra1 g5 23. Bg3 Rd2+ 24. Ke3 Rxc2 25. Kd3 Rg2 26. Ra7 Rd8+ 27. Kc4
Re2 28. Rxc7 Re4+ 29. Kc5 Rxg4 30. Rf1 Rf8 31. Rf6 Kg7 32. Rfxc6 Ra4 33. e6 h5
34. Be5+ Kg8 35. e7 1-0

[Event "FIN X BRA"]
[Site "http://www.queenalice.com/game.php?id=223203"]
[Date "2007.6.10"]
[Round "-"]
[White "umom_ne_poniat"]
[Black "Amadeus"]
[Result "1/2-1/2"]
[WhiteElo "1957"]
[BlackElo "2002"]

1. e4 e5 2. Nf3 d6 3. d4 Nf6 4. Bg5 Nbd7 5. dxe5 dxe5 6. Nc3 h6 7. Bh4 Bb4 8.
Qd3 Bxc3+ 9. Qxc3 g5 10. Bg3 Nxe4 11. Qe3 Nxg3 12. hxg3 g4 13. Nxe5 Nxe5 14.
Qxe5+ Qe7 15. Qxe7+ Kxe7 16. O-O-O Be6 17. Be2 f5 18. Rde1 Kf6 19. f3 h5 20. Bd3
gxf3 21. gxf3 Bd5 22. Re3 Rad8 23. Rhe1 h4 24. gxh4 Rxh4 25. Be2 Rd4 26. b3 f4
27. Rd3 Rxd3 28. Bxd3 Rh8 29. Rf1 c5 30. Bb5 Rh2 31. Bd7 Bf7 32. Bg4 Bg6 33. Kb2
Rxc2+ 34. Ka3 Re2 35. Rd1 Bf5 36. Bxf5 Kxf5 37. Rd5+ Re5 38. Rd7 Re3 39. Rxb7
Rxf3 40. Rxa7 Re3 41. Rc7 Re5 42. Ka4 f3 43. Kb5 Kf4 44. Rf7+ Rf5 45. Rd7 f2 46.
Rd1 Ke3 47. a4 Ke2 48. Rh1 Re5 49. Kb6 f1=Q 50. Rxf1 Kxf1 51. a5 Re3 52. a6 Re6+
53. Kb7 Re3 54. Kc6 Rxb3 55. Kxc5 Ke2 56. Kc6 1/2-1/2

[Event "Challenge"]
[Site "http://www.queenalice.com/game.php?id=223245"]
[Date "2007.6.10"]
[Round "-"]
[White "umom_ne_poniat"]
[Black "Sidinei"]
[Result "0-1"]
[WhiteElo "1967"]
[BlackElo "2201"]

1. e4 e6 2. d4 d5 3. e5 c5 4. Be3 cxd4 5. Bxd4 Ne7 6. Nc3 Nf5 7. Nf3 Nc6 8. Bb5
Bd7 9. a3 Nfxd4 10. Nxd4 Nxe5 11. Bxd7+ Qxd7 12. Qe2 Nc4 13. b3 Nxa3 14. O-O Bc5
15. Rfd1 O-O 16. Ra2 Rfc8 17. Qe3 Qc7 18. Qd3 Bxd4 19. Qxd4 Qxc3 20. Qxc3 Rxc3
21. Rxa3 Rxc2 22. g3 a6 23. Rb1 f6 24. Ra4 Rac8 25. Raa1 d4 0-1

[Event "Try Again?"]
[Site "http://www.queenalice.com/game.php?id=223584"]
[Date "2007.6.11"]
[Round "-"]
[White "umom_ne_poniat"]
[Black "technicaldraw"]
[Result "0-1"]
[WhiteElo "1944"]
[BlackElo "2070"]

1. e4 e6 2. Nc3 c5 3. Nf3 a6 4. d4 cxd4 5. Qxd4 Nc6 6. Qd3 Be7 7. Be3 Qc7 8. a3
Nf6 9. Bg5 b5 10. b4 Bb7 11. Qe3 h6 12. Bh4 Rc8 13. Na2 Ne5 14. Bd3 Nfg4 15. Qe2
Nxf3+ 16. Qxf3 Bxh4 17. Qxg4 Bf6 18. Rd1 Bc3+ 19. Nxc3 Qxc3+ 20. Rd2 O-O 21. Qf4
Qxa3 22. Qd6 Qc3 23. Qxd7 Bxe4 24. f3 Rfd8 25. Qa7 Bxd3 26. Qe3 Qxb4 27. Kf2
Qxd2+ 28. Qxd2 Rxc2 29. Rd1 Rxd2+ 30. Rxd2 Rd5 31. g4 Bc4 0-1

[Event "viva el iraque."]
[Site "http://www.queenalice.com/game.php?id=234303"]
[Date "2007.7.3"]
[Round "-"]
[White "yo_soy_lo_mejor"]
[Black "umom_ne_poniat"]
[Result "1-0"]
[WhiteElo "1884"]
[BlackElo "2027"]

1. e4 e6 2. d4 d5 3. exd5 Qxd5 4. c4 Qe4+ 5. Be3 Bb4+ 6. Nc3 Bxc3+ 7. bxc3 Nf6
8. Nf3 O-O 9. Bd3 Qc6 10. h3 b6 11. O-O Bb7 12. Re1 Nbd7 13. Qc2 Rfe8 14. Rad1
h6 15. Bf4 Ba6 16. Qb3 Rac8 17. Ne5 Qb7 18. Be2 c6 19. Bf3 Nb8 20. Rd2 Qa8 21.
Red1 Bb7 22. a4 Rc7 23. Ng4 Rce7 24. Nxf6+ gxf6 25. Bxh6 Nd7 26. Qc2 f5 27. Qd3
Kh7 28. Qe3 Rg8 29. Bf4 Nf8 30. Bd6 Rd7 31. Be5 Qd8 32. Kf1 Ng6 33. Bh2 Kg7 34.
c5 Nh4 35. cxb6 Nxf3 36. Qxf3 axb6 37. c4 Kf8 38. Bf4 Ke8 39. c5 bxc5 40. dxc5
Rd5 41. Bd6 Qg5 42. Bf4 Qd8 43. a5 Qxa5 44. Rxd5 cxd5 45. Qb3 Ba6+ 46. Kg1 Qxc5
47. Rc1 Qa7 48. Bd6 Bc4 49. Qb2 Kd7 50. Ra1 Ba6 51. Qa3 Ra8 52. Be5 1-0

[Event "Challenge"]
[Site "http://www.queenalice.com/game.php?id=237395"]
[Date "2007.7.10"]
[Round "-"]
[White "corinthians2"]
[Black "umom_ne_poniat"]
[Result "0-1"]
[WhiteElo "2124"]
[BlackElo "2006"]

1. e4 e5 2. Nf3 d6 3. d4 exd4 4. Nxd4 Nf6 5. Nc3 c6 6. Be2 Be7 7. O-O O-O 8. Be3
b5 9. f3 Bd7 10. Nf5 Bxf5 11. exf5 d5 12. g4 Qc7 13. Qe1 Rd8 14. Qf2 Na6 15.
Rfd1 Nd7 16. a4 Nb4 17. Bf1 a6 18. Kh1 Qe5 19. Bg2 Nxc2 20. Qxc2 Qxe3 21. Ne2
Bf6 22. axb5 Rab8 23. Rd3 Qe5 24. Nd4 cxb5 25. b4 Rbc8 26. Qd2 Nb6 27. Rxa6 Nc4
28. Qf2 Nb2 29. Rd2 Rc1+ 30. Bf1 Qf4 31. Nb3 Rc3 32. Rxb2 Rxf3 33. Bg2 Rxf2 0-1

[Event "loko vs umom_ne_poniat"]
[Site "http://www.queenalice.com/game.php?id=241456"]
[Date "2007.7.17"]
[Round "-"]
[White "loko"]
[Black "umom_ne_poniat"]
[Result "1-0"]
[WhiteElo "2112"]
[BlackElo "2032"]

1. e4 e5 2. Nf3 d6 3. d4 Nf6 4. dxe5 Nxe4 5. Qd5 Nc5 6. Bg5 Be7 7. exd6 Qxd6 8.
Nc3 Nba6 9. O-O-O Qxd5 10. Nxd5 Bxg5+ 11. Nxg5 O-O 12. Ne7+ Kh8 13. Bxa6 Nxa6
14. Nxf7+ 1-0